Release of pancreatic polypeptide in humans by infusion of cholecystokinin

Elmentve itt :
Bibliográfiai részletek
Szerzők: Lonovics János
Guzman Sergio
Devitt Peter
Hejtmanick Kelly E.
Suddith Robert L.
Rayford Phillip L.
Thompson James C.
Dokumentumtípus: Cikk
Megjelent: 1980
Sorozat:GASTROENTEROLOGY 79 No. 5
Tárgyszavak:
doi:10.1016/0016-5085(80)90435-7

mtmt:2091640
Online Access:http://publicatio.bibl.u-szeged.hu/33695
LEADER 00928nab a2200277 i 4500
001 publ33695
005 20250529115919.0
008 250529s1980 hu o 000 eng d
022 |a 0016-5085 
024 7 |a 10.1016/0016-5085(80)90435-7  |2 doi 
024 7 |a 2091640  |2 mtmt 
040 |a SZTE Publicatio Repozitórium  |b hun 
041 |a eng 
100 1 |a Lonovics János 
245 1 0 |a Release of pancreatic polypeptide in humans by infusion of cholecystokinin  |h [elektronikus dokumentum] /  |c  Lonovics János 
260 |c 1980 
300 |a 817-822 
490 0 |a GASTROENTEROLOGY  |v 79 No. 5 
650 4 |a Klinikai orvostan 
700 0 1 |a Guzman Sergio  |e aut 
700 0 1 |a Devitt Peter  |e aut 
700 0 1 |a Hejtmanick Kelly E.  |e aut 
700 0 1 |a Suddith Robert L.  |e aut 
700 0 1 |a Rayford Phillip L.  |e aut 
700 0 1 |a Thompson James C.  |e aut 
856 4 0 |u http://publicatio.bibl.u-szeged.hu/33695/1/aok_klny_472_80.pdf  |z Dokumentum-elérés